00550nam a2200217Ia 4500003000900000008004100009040001300050040001300063041000800076100002300084100001400107245003200121250000900153260002100162260000900183300001100192300001000203490001900213490000700232600009300239IT-RoPAU120407s9999 xx 000 0 und d aIT-RoPAU cIT-RoPAU aita aAntonino Minissale ca cura di aPiccolo Dizionario biblico. aRoma aEdizioni Paoline c1973 a356 p. c19 cm aI Dizionari EP v12 a"1. Bibbia, Dizionari. ISBN CDU 035 23/2 000286 "